|
|
|
|
| LEADER |
00000nam0a2200000 4500 |
| 001 |
55135 |
| 005 |
20231101211529.0 |
| 010 |
|
|
|a 5943650547
|
| 035 |
|
|
|a (RuTPU)RU\TPU\book\57858
|
| 090 |
|
|
|a 55135
|
| 100 |
|
|
|a 20030908d2003 km y0rusy50 ca
|
| 101 |
0 |
|
|a rus
|
| 102 |
|
|
|a RU
|
| 105 |
|
|
|a a g 001zy
|
| 200 |
1 |
|
|a Нефть и нефтепродукты
|f Ю. В. Поконова
|
| 210 |
|
|
|a СПб.
|c Профессионал
|d 2003
|c Мир и семья
|
| 215 |
|
|
|a 904 с.
|c ил.
|e CD-ROM
|
| 225 |
1 |
|
|a Профессионал
|
| 320 |
|
|
|a Библиогр.: с. 895-896.
|
| 606 |
1 |
|
|a Нефтепереработка
|2 stltpush
|3 (RuTPU)RU\TPU\subj\72833
|9 86220
|
| 610 |
1 |
|
|a химическая технология
|
| 610 |
1 |
|
|a нефть
|
| 610 |
1 |
|
|a нефтяные растворители
|
| 610 |
1 |
|
|a нефтяные остатки
|
| 610 |
1 |
|
|a нефтяные масла
|
| 610 |
1 |
|
|a переработка
|
| 610 |
1 |
|
|a термические процессы
|
| 610 |
1 |
|
|a термокаталитические превращения
|
| 610 |
1 |
|
|a Россия
|
| 610 |
1 |
|
|a нефтяные остатки
|
| 610 |
1 |
|
|a товарные нефтепродукты
|
| 610 |
1 |
|
|a адсорбенты
|
| 610 |
1 |
|
|a экология
|
| 610 |
1 |
|
|a пожарная опасность
|
| 610 |
1 |
|
|a производство
|
| 610 |
1 |
|
|a нефтепродукты
|
| 610 |
1 |
|
|a свойства
|
| 610 |
1 |
|
|a выделение
|
| 610 |
1 |
|
|a битумы
|
| 610 |
1 |
|
|a термические процессы
|
| 610 |
1 |
|
|a справочные материалы
|
| 610 |
1 |
|
|a нефтяные компоненты
|
| 675 |
|
|
|a 665.63
|v 3
|
| 700 |
|
1 |
|a Поконова
|b Ю. В.
|g Юлия Васильевна
|
| 801 |
|
1 |
|a RU
|b 63413507
|c 20030908
|g PSBO
|
| 801 |
|
2 |
|a RU
|b 63413507
|c 20031003
|g PSBO
|
| 801 |
|
2 |
|a RU
|b 63413507
|c 20141226
|g PSBO
|
| 900 |
|
|
|a Товароведение углеводородных продуктов
|
| 900 |
|
|
|a Химия нефти и газа
|
| 942 |
|
|
|c BK
|